<?xml version="1.0" encoding="UTF-8"?>
<marc:record xmlns:marc="http://www.loc.gov/MARC21/slim">
   <marc:leader>00000nam a2200000 a 4500</marc:leader>
   <marc:datafield ind1="1" ind2=" " tag="100">
      <marc:subfield code="a">Fifield, Anna</marc:subfield>
      <marc:subfield code="4">aut</marc:subfield>
      <marc:subfield code="e">Verfasser/-in</marc:subfield>
   </marc:datafield>
   <marc:datafield ind1="1" ind2=" " tag="100">
      <marc:subfield code="a">Gockel, Gabriele</marc:subfield>
      <marc:subfield code="4">trl</marc:subfield>
      <marc:subfield code="e">Übersetzer/-in</marc:subfield>
   </marc:datafield>
   <marc:datafield ind1="1" ind2=" " tag="100">
      <marc:subfield code="a">Wollermann, Thomas</marc:subfield>
      <marc:subfield code="4">trl</marc:subfield>
      <marc:subfield code="e">Übersetzer/-in</marc:subfield>
   </marc:datafield>
   <marc:datafield ind1=" " ind2=" " tag="653">
      <marc:subfield code="a">Nordkorea</marc:subfield>
   </marc:datafield>
   <marc:datafield ind1=" " ind2=" " tag="653">
      <marc:subfield code="a">Kim Jong-un</marc:subfield>
   </marc:datafield>
   <marc:datafield ind1=" " ind2=" " tag="653">
      <marc:subfield code="a">Kim Jong-il</marc:subfield>
   </marc:datafield>
   <marc:datafield ind1=" " ind2=" " tag="653">
      <marc:subfield code="a">Kim Il-sung</marc:subfield>
   </marc:datafield>
   <marc:datafield ind1=" " ind2=" " tag="653">
      <marc:subfield code="a">Demokratische Volksrepublik Nordkorea</marc:subfield>
   </marc:datafield>
   <marc:datafield ind1=" " ind2=" " tag="653">
      <marc:subfield code="a">Kommunismus</marc:subfield>
   </marc:datafield>
   <marc:datafield ind1=" " ind2=" " tag="653">
      <marc:subfield code="a">Diktatur</marc:subfield>
   </marc:datafield>
   <marc:datafield ind1=" " ind2=" " tag="653">
      <marc:subfield code="a">Diktator</marc:subfield>
   </marc:datafield>
   <marc:datafield ind1=" " ind2=" " tag="653">
      <marc:subfield code="a">Softcover / Sachbücher/Politik</marc:subfield>
   </marc:datafield>
   <marc:datafield ind1=" " ind2=" " tag="653">
      <marc:subfield code="a">Gesellschaft</marc:subfield>
   </marc:datafield>
   <marc:datafield ind1=" " ind2=" " tag="653">
      <marc:subfield code="a">Wirtschaft</marc:subfield>
   </marc:datafield>
   <marc:datafield ind1="0" ind2="0" tag="245">
      <marc:subfield code="a">Kim</marc:subfield>
   </marc:datafield>
   <marc:datafield ind1="0" ind2="0" tag="245">
      <marc:subfield code="b">Nordkoreas Diktator aus der Nähe</marc:subfield>
   </marc:datafield>
   <marc:datafield ind1="0" ind2="0" tag="245">
      <marc:subfield code="c">Anna Fifield</marc:subfield>
   </marc:datafield>
   <marc:datafield ind1=" " ind2="1" tag="264">
      <marc:subfield code="a">Hamburg</marc:subfield>
      <marc:subfield code="b">Edition Körber</marc:subfield>
      <marc:subfield code="c">2020</marc:subfield>
   </marc:datafield>
   <marc:datafield ind1="1" ind2=" " tag="520">
      <marc:subfield code="a">Angaben aus der Verlagsmeldung

Kim : Nordkoreas Diktator aus der Nähe The Great Successor. The Divinely Perfect Destiny of Brilliant Comrade Kim Jong Un / von Anna Fifield

Ist Kim Jong-un die Karikatur eines Staatenlenkers mit seltsamer Frisur und exzentrischen Vorlieben? Ein unkalkulierbarer Tyrann, Herr über 25 Millionen geknechtete Untertanen und die Atombombe? Oder ein schlauer Machtpolitiker, der sein erstarrtes Land vorsichtig reformiert? Anna Fifield gelingt eine faszinierende Nahaufnahme von Nordkoreas Diktator.
Die hervorragend vernetzte Büroleiterin der Washington Post in Peking rekonstruiert Kim Jong-uns Leben und seine politischen Ambitionen detailliert und kenntnisreich. Ihre Quellen stammen aus dem unmittelbaren Umfeld der Herrscherfamilie: eine Dynastie, die Nordkorea nun schon in dritter Generation mit mittelalterlicher Härte im Griff hat. Wenig wahrscheinlich schien es zunächst, dass der junge, unerfahrene, weichlich wirkende Basketball-Fan Kim Jong-un ein Land kontrollieren könnte, das schon seit Jahren zu zerfallen droht. Doch Kim III. hat nicht nur die Familienintrigen überlebt, sondern sich – mit der Rückendeckung seines Männerfreundes Donald Trump – einen Platz in der Weltpolitik erobert: Mit Kim Jong-un muss man rechnen, ob man will oder nicht.
Mit gesunder Skepsis und journalistischem Einfühlungsvermögen zeichnet Fifield das Bild des wohl seltsamsten und hermetischsten politischen Regimes der Welt – isoliert und zugleich weltpolitisch bedeutend, eine bankrotte Atommacht – und seines Herrschers, des selbsternannten Geliebten und Geehrten Führers Kim Jong-un.
</marc:subfield>
   </marc:datafield>
   <marc:datafield ind1=" " ind2=" " tag="020">
      <marc:subfield code="a">9783896842770</marc:subfield>
      <marc:subfield code="9">9783896842770</marc:subfield>
   </marc:datafield>
   <marc:datafield ind1=" " ind2=" " tag="020">
      <marc:subfield code="a">3896842773</marc:subfield>
      <marc:subfield code="9">3896842773</marc:subfield>
   </marc:datafield>
   <marc:datafield ind1=" " ind2=" " tag="041">
      <marc:subfield code="a">ger</marc:subfield>
   </marc:datafield>
   <marc:datafield ind1=" " ind2=" " tag="300">
      <marc:subfield code="a">416 Seiten</marc:subfield>
   </marc:datafield>
</marc:record>
